| 000 | 00554nam a2200193Ia 4500 | ||
|---|---|---|---|
| 003 | LDD | ||
| 008 | 181029s9999 xx 000 0 und d | ||
| 020 |
_a9788189304140 _c1995.00 |
||
| 040 | _cLDD | ||
| 100 | _aSaklani, P. S. | ||
| 245 | 0 |
_aHimalaya _bgeological aspects _cP. S. Saklani |
|
| 260 |
_aDelhi _bAatish Serial Publishing House _c2006 |
||
| 300 | _a5v. | ||
| 365 | _b1995.00 | ||
| 901 |
_a9502 _b03-12-2012 |
||
| 902 |
_a4593 _b12-12-2012 _cF _dPUJA _eGEO |
||
| 903 |
_aDiscount-15 _bReqst by : Omkar Verma |
||
| 942 |
_2ddc _cBK |
||
| 999 |
_c104619 _d104619 |
||